| 000 | 00516nam a2200157 i 4500 | ||
|---|---|---|---|
| 001 | 46952 | ||
| 003 | ES-MaACL | ||
| 005 | 20230906161456.0 | ||
| 007 | t| | ||
| 008 | 030402s1872 sp ||||1| spa d | ||
| 245 | 0 | 0 |
_aColección de Cosntituciones españolas precedida de una introducción / _cpor D. J. S.S. |
| 260 |
_aMadrid : _bL.P. Villaverde, _c1872 ( _fJosé A. Muñoz) |
||
| 300 |
_aVIII, 152 p. ; _c16 cm. |
||
| 500 | _aD. J.S.S.: D. José Sidro Surgal. | ||
| 852 |
_aES-MaACL _jL-4897(4-2) |
||
| 999 |
_c46952 _d46952 |
||